<?xml version="1.0" encoding="UTF-8"?>
<record
    xmlns:xsi="http://www.w3.org/2001/XMLSchema-instance"
    xsi:schemaLocation="http://www.loc.gov/MARC21/slim http://www.loc.gov/standards/marcxml/schema/MARC21slim.xsd"
    xmlns="http://www.loc.gov/MARC21/slim">

  <leader>01296nam a22002657a 4500</leader>
  <datafield tag="952" ind1=" " ind2=" ">
    <subfield code="0">0</subfield>
    <subfield code="1">0</subfield>
    <subfield code="4">0</subfield>
    <subfield code="7">0</subfield>
    <subfield code="a">03</subfield>
    <subfield code="b">03</subfield>
    <subfield code="d">2014-09-26</subfield>
    <subfield code="l">0</subfield>
    <subfield code="o">HF5718.22 B7318 2000</subfield>
    <subfield code="p">03 007171</subfield>
    <subfield code="r">2014-09-26</subfield>
    <subfield code="t">1</subfield>
    <subfield code="w">2014-09-26</subfield>
    <subfield code="y">LB</subfield>
  </datafield>
  <datafield tag="999" ind1=" " ind2=" ">
    <subfield code="c">94272</subfield>
    <subfield code="d">94272</subfield>
  </datafield>
  <controlfield tag="008">120622s2000    sp a          000 0 spa d</controlfield>
  <datafield tag="020" ind1=" " ind2=" ">
    <subfield code="a">8474328403</subfield>
  </datafield>
  <datafield tag="050" ind1=" " ind2=" ">
    <subfield code="a">HF5718 </subfield>
    <subfield code="b">B73 2000</subfield>
  </datafield>
  <datafield tag="100" ind1=" " ind2=" ">
    <subfield code="a">Bradbury, Andrew</subfield>
    <subfield code="e">autor</subfield>
  </datafield>
  <datafield tag="240" ind1=" " ind2=" ">
    <subfield code="a">Successful Presentation Skills</subfield>
    <subfield code="l">espa&#xF1;ol</subfield>
  </datafield>
  <datafield tag="245" ind1="1" ind2=" ">
    <subfield code="a">T&#xE9;cnicas para Presentaciones Eficaces</subfield>
    <subfield code="c"> / Andrew Bradbury </subfield>
  </datafield>
  <datafield tag="260" ind1=" " ind2=" ">
    <subfield code="a">Barcelona</subfield>
    <subfield code="b"> : Gedisa Editorial</subfield>
    <subfield code="c">, 2000</subfield>
  </datafield>
  <datafield tag="300" ind1=" " ind2=" ">
    <subfield code="a">166 p&#xE1;ginas </subfield>
    <subfield code="b"> : Ilustraciones</subfield>
  </datafield>
  <datafield tag="336" ind1=" " ind2=" ">
    <subfield code="a">texto</subfield>
  </datafield>
  <datafield tag="337" ind1=" " ind2=" ">
    <subfield code="a">sin medio</subfield>
  </datafield>
  <datafield tag="338" ind1=" " ind2=" ">
    <subfield code="a">volumen</subfield>
  </datafield>
  <datafield tag="504" ind1=" " ind2=" ">
    <subfield code="a">Incluye: bibliografia (p.167)</subfield>
  </datafield>
  <datafield tag="505" ind1=" " ind2=" ">
    <subfield code="a">&#xBF;Cu&#xE1;les son sus intenciones?
2,4,6,8 ...&#xBF;C&#xF3;mo se comunica?
Cuando empieza a sentir miedo 
Custi&#xF3;n de confianza 
El objetivo principal
Conozca a su audiencia
Palabras, palabras y m&#xE1;s palabras
Cuando llegue al final, p&#xE1;rese
&#xA1;Se abre el tel&#xF3;n!
Selecci&#xF3;n y utilizaci&#xF3;n de material visual
Dise&#xF1;o eficaz de material audiovisual
Distribuci&#xF3;n del escenario
Formular y responder preguntas
Presentaci&#xF3;n personal
 </subfield>
  </datafield>
  <datafield tag="519" ind1=" " ind2=" ">
    <subfield code="a">Plan Flexible /
</subfield>
    <subfield code="b">Dise&#xF1;o Gr&#xE1;fico / </subfield>
    <subfield code="c">Portafolios Impresos (P24-4) /</subfield>
    <subfield code="d">(03 007171)</subfield>
  </datafield>
  <datafield tag="650" ind1="1" ind2="0">
    <subfield code="a">COMUNICACI&#xD3;N ORAL </subfield>
  </datafield>
  <datafield tag="650" ind1="2" ind2="0">
    <subfield code="a">COMUNICACI&#xD3;N VISUAL</subfield>
  </datafield>
  <datafield tag="650" ind1="3" ind2="0">
    <subfield code="a">PRESENTACI&#xD3;N NEGOCIOS</subfield>
  </datafield>
  <datafield tag="710" ind1=" " ind2=" ">
    <subfield code="a">TsEdi, Teleservicios Editoriales </subfield>
    <subfield code="e">traductor </subfield>
    <subfield code="9">30006</subfield>
  </datafield>
  <datafield tag="942" ind1=" " ind2=" ">
    <subfield code="c">LB</subfield>
  </datafield>
</record>
